Bolivian Rhapsody / (Record no. 29068)

MARC details
000 -LEADER
fixed length control field 00466nam a22001937a 4500
001 - CONTROL NUMBER
control field sjds
003 - CONTROL NUMBER IDENTIFIER
control field sjds
005 - DATE AND TIME OF LATEST TRANSACTION
control field 20240203172217.0
008 - FIXED-LENGTH DATA ELEMENTS--GENERAL INFORMATION
fixed length control field 240203b |||||||| |||| 00| 0 eng d
020 ## - INTERNATIONAL STANDARD BOOK NUMBER
International Standard Book Number 9781786452405
020 ## - INTERNATIONAL STANDARD BOOK NUMBER
International Standard Book Number 1786452405
040 ## - CATALOGING SOURCE
Transcribing agency sjds
041 ## - LANGUAGE CODE
Language code of text/sound track or separate title eng
100 1# - MAIN ENTRY--PERSONAL NAME
Personal name Ayris, Stuart
245 10 - TITLE STATEMENT
Title Bolivian Rhapsody /
Statement of responsibility, etc. by Stuart Ayris
260 ## - PUBLICATION, DISTRIBUTION, ETC. (IMPRINT)
Place of publication, distribution, etc. [Lancashire, U.K.] :
Name of publisher, distributor, etc. Beaten Track Publishing,
Date of publication, distribution, etc. 2018
300 ## - PHYSICAL DESCRIPTION
Extent 400 pgs.
942 ## - ADDED ENTRY ELEMENTS (KOHA)
Koha item type Libro/Book
Holdings
Withdrawn status Lost status Damaged status Not for loan Home library Current library Date acquired Total Checkouts Full call number Barcode Checked out Date last seen Date checked out Price effective from Koha item type
        San Juan Del Sur -- Mobile Torovenado 03/02/2024 3 BIO 30025843 13/08/2024 09/07/2024 09/07/2024 03/02/2024 Libro/Book

Powered by Koha